World Capitals Closest to Tórshavn - Statistics

General Stats
  • This quiz has been taken 167 times
  • The average score is 19 of 20
Answer Stats
km capital miles % Correct
1312 Copenhagen 815
99%
964 Dublin 599
99%
1236 London 768
99%
971 Oslo 604
99%
1279 Amsterdam 795
98%
1414 Brussels 879
97%
1702 Helsinki 1057
97%
1571 Paris 976
97%
1378 Stockholm 856
97%
1598 Berlin 993
95%
1592 Luxembourg 989
94%
798 Reykjavik 496
94%
1977 Warsaw 1228
93%
1855 Prague 1152
92%
1813 Riga 1127
92%
1949 Vaduz 1211
91%
1903 Bern 1183
90%
2107 Vienna 1309
90%
1722 Tallinn 1070
87%
2015 Vilnius 1252
84%
No matching quizzes found
Score Distribution
Percent of People with Each Score
Percentile by Number Answered
Your Score History
You have not taken this quiz